Paesi più vicini agli Stati Uniti - Morte improvvisa - Statistics

Statistiche generali
  • Questo quiz è stato fatto 148 volte
  • Il punteggio medio è 5 su 15
Answers on the Grid
Answers color-coded by a green-red scale on the quiz's grid according to % correct below.
Canada
Messico
Russia
Bahamas
Cuba
Giamaica
Belize
Haiti
Honduras
Guatemala
Repubblica Dominicana
Nicaragua
El Salvador
Costa Rica
Kiribati
Colombia
Brasile
Cile
Grenada
Antigua e Barbuda
Barbados
Islanda
Irlanda
Regno Unito
Giappone
Cina
Australia
Panama
Palau
Figi
 
Statistiche sulle risposte
Risposta % Corretto
Messico
73%
Canada
63%
Cuba
46%
Russia
46%
Bahamas
39%
Guatemala
37%
Haiti
37%
Belize
32%
El Salvador
32%
Costa Rica
29%
Honduras
29%
Giamaica
27%
Nicaragua
27%
Repubblica Dominicana
24%
Kiribati
2%
Nessun quiz corrispondente trovato
Distribuzione punteggi
Percentuale di utenti per punteggio
Percentile per numero di risposta
I tuoi punteggi nel tempo
Non hai fatto questo quiz